1541 1045 1232 1118 1744 1501 1813 1270 1712 1750 1713 1673 1946 1392 1988 1044 1176 1044 1899 1596 1845 1554 1918 1546 1641 1673 1459 1166 1805 1850 1037 1321 1984 1622 1529 1525 1314 1031 1904 1862 1873 1900 1880 1736 1624 1477 1480 1875 1163 1346 1715 1066 1951 1261 1674 1399 1657 1879 1365 1220 1200 1651 1495 1143 1022 1351 1360 1767 1515 1165 1150 1736 1864 1344 1228 1217 1261 1108 1393 1416 1741 1153 1185 1412 1949 1889 1142 1907 1238 1234 1815 1896 1319 1833 1254 1128 1016 1096 1202 BCNSPRNW ULIB Ver.6.0+V

เปลี่ยนเป็นภาษาไทย

Change to English
 แสดงรายละเอียดบรรณานุกรม
  กลับหน้าหลัก

Brief Record : Get Marc (ISO 2709) : E-mail record : QR code < ปิดหน้าต่าง
LEADER : 00000nam 2200000uu 4500
001    13399127960
003     ULIB
008    211117s2563||||th 000 0 tha d
020 ^  ^a9786168253243
050 ^  ^aนว.^bพ112พ
100 0  ^aพงศกร จินดาวัฒนะ.
245 1  ^aพนมนาคา /^cพงศกร.
250 ^  ^aพิมพ์ครั้งที่ 2.
260 ^  ^aกรุงเทพฯ :^bบริษัท กรู๊ฟ พับลิชชิ่ง,^c2563.
300 ^  ^a595 หน้า.
650 ^  ^aนวนิยาย.
945    ^p490^l0^i008550
999    ^aประนอม เกษจรัล
รายการนี้ยังไม่มีแท็ก
คุณยังไม่ได้ล็อกอิน คุณสามารถมีกิจกรรมร่วมกับเว็บไซต์ได้ แต่ต้องล็อกอินก่อน ::
  ล็อกอิน

รายการสื่อสารสนเทศ

ลำดับที่ ประเภท เลขเรียก/บาร์โค้ด สถานที่ สถานะ
1. นวนิยาย
นวนิยาย
นว. พ112พ ฉ.1 
  Barcode: 008550
ห้องสมุดวิทยาเขตสวรรค์ประชารักษ์
►นวนิยาย
บนชั้น
  ขอยืม

รายการใกล้เคียง
    ผู้แต่ง [พงศกร จินดาวัฒนะ.]

    หัวเรื่อง [นวนิยาย.]

BibComment


ยังไม่เคยถูกคอมเมนท์

คอมเมนท์ทรัพยากรรายการนี้
  คอมเมนท์: พนมนาคา พงศกร


 Copyright 2026. Bcnsprnw @Library